000 01154nam2a2200301 4500
001 RU\NLR\BIBL_A\012631933
005 20250806202116.0
035 _a(NLR Aleph) 012631933
090 _a67643
_c67643
100 _a20250806 rusy50
101 0 _arus
102 _aRU
135 _acrcn 024anaba
200 0 _a1944, № 159 (6685) (13 авг.)
210 _d1944
325 1 _aКопия доступна в электронной библиотеке РНБ
461 0 _1001RU\NLR\DIGIT\NP\000441
_12001#$aДагестанская правда$v1944, № 159 (6685) (13 авг.)
852 _aNLR
_jР7
856 0 _uhttps://vivaldi.nlr.ru/ap000066864/view
856 1 _uhttps://vivaldi.nlr.ru/ap000066864/cover
856 2 _uhttps://vivaldi.nlr.ru/ap000066864/text
901 _eГазеты
942 _cISSNP
945 _aРоссийская национальная библиотека
980 _aNB
980 _aBV
981 2 7 _a(27) Периодические издания
_b(27) Газеты